[Event "11th WUCC Men"]
[Site "Zuerich SUI"]
[Date "2010.09.11"]
[Round "9"]
[White "Sulashvili,M"]
[Black "Ahmadinia,E"]
[Result "1-0"]
[WhiteElo "2500"]
[BlackElo "2436"]
[EventDate "2010.09.05"]

1. d4 g6 2. c4 Bg7 3. Nf3 Nf6 4. g3 O-O 5. Bg2 d6 6. O-O Nbd7 7. Nc3 e5 8.
e3 c6 9. b3 Re8 10. a4 a5 11. Ra2 Qc7 12. Ba3 Bf8 13. d5 Nc5 14. Bxc5 dxc5
15. e4 Bd7 16. Qd3 Rad8 17. Re2 Bg4 18. h3 Bxf3 19. Bxf3 Bh6 20. Bg2 Nh5
21. h4 Qb6 22. Bh3 Rd6 23. Nd1 Qb4 24. Ne3 Nf6 25. Nc2 Qb6 26. Kg2 Qa6 27.
Rd1 Nh5 28. Ne3 Rb8 29. Qc3 Bg7 30. Red2 Rbd8 31. dxc6 Qxc6 32. Rxd6 Rxd6
33. Rxd6 Qxd6 34. Qxa5 b6 35. Qa8+ Bf8 36. Nd5 Nf6 37. Qb7 Nxd5 38. cxd5
Qd8 39. Bd7 h5 40. Qc6 Kg7 41. Kf1 g5 42. hxg5 Qxg5 43. Bf5 h4 44. gxh4
Qc1+ 45. Kg2 Be7 46. Qc7 Bxh4 47. Qxe5+ Kg8 48. Qh2 Bf6 49. Qg3+ Kf8 50. e5
Bg5 51. Qh3 Bh6 52. Qh4 Qg5+ 53. Qxg5 Bxg5 54. Kf3 f6 55. Ke4 fxe5 56. Kxe5
Ke7 57. d6+ Kd8 58. Kd5 Bh4 59. f3 1-0

[Event "11th WUCC Men"]
[Site "Zuerich SUI"]
[Date "2010.09.11"]
[Round "9"]
[White "Nestorovic,N"]
[Black "Pruijssers,R"]
[Result "0-1"]
[WhiteElo "2420"]
[BlackElo "2483"]
[EventDate "2010.09.05"]

1. e4 e5 2. Nf3 Nc6 3. Bb5 a6 4. Ba4 Nf6 5. O-O Be7 6. d3 b5 7. Bb3 d6 8.
a4 Bd7 9. Nc3 Na5 10. Ba2 b4 11. Ne2 O-O 12. Bd2 Rb8 13. c3 bxc3 14. Bxc3
c5 15. Nd2 Nc6 16. a5 Nd4 17. Nc4 Be6 18. h3 Re8 19. Re1 Rb5 20. Nxd4 exd4
21. Bd2 d5 22. exd5 Nxd5 23. Bb3 Rb8 24. Ba4 Rf8 25. Qf3 Bg5 26. Bxg5 Qxg5
27. Re5 Qf6 28. Qxf6 gxf6 29. Rh5 f5 30. Nd6 Nf4 31. Rg5+ Kh8 32. Bd1 Rfd8
33. Nc4 Nxd3 34. b3 Rg8 35. Rxg8+ Rxg8 36. Kf1 Bxc4 37. bxc4 Nb2 38. Bf3 d3
39. Ke1 Nxc4 40. Bd5 Re8+ 41. Kd1 Nb2+ 42. Kd2 Re2+ 43. Kc3 Rc2+ 44. Kb3
c4+ 45. Ka3 d2 46. Bf3 Rc1 0-1

[Event "11th WUCC Men"]
[Site "Zuerich SUI"]
[Date "2010.09.11"]
[Round "9"]
[White "Swinkels,R"]
[Black "Purnama,T"]
[Result "1-0"]
[WhiteElo "2478"]
[BlackElo "2400"]
[EventDate "2010.09.05"]

1. d4 Nf6 2. c4 g6 3. g3 Bg7 4. Bg2 O-O 5. Nf3 d6 6. Nc3 Nc6 7. O-O Bf5 8.
d5 Na5 9. Nd2 c5 10. e4 Bd7 11. Qc2 e5 12. b3 Ng4 13. Nf3 a6 14. h3 Nh6 15.
Bd2 f6 16. Qc1 Nf7 17. Rb1 Rb8 18. Ne2 b6 19. Kh2 Qe7 20. h4 Bg4 21. Neg1
f5 22. Ng5 f4 23. gxf4 exf4 24. Bxf4 Ne5 25. Bg3 Nd3 26. Qd2 Nf4 27. f3 Bd7
28. Bh3 h6 29. Ne6 Bxe6 30. Bxe6+ Kh7 31. Nh3 Nh5 32. Qg2 Nc6 33. dxc6 Qxe6
34. Rbd1 Nxg3 35. Qxg3 Rf6 36. Rd5 Rbf8 37. h5 Qe7 38. Qg4 Qc7 39. hxg6+
Rxg6 40. Qd7 Rf7 41. Qxc7 Rxc7 42. f4 Bd4 43. f5 Rf6 44. Nf4 Rxc6 45. Ne6
Be5+ 46. Kh3 Rc8 47. Rg1 Rg8 48. Rdd1 Rf7 49. Rxg8 Kxg8 50. Rg1+ Kh7 51.
Kh4 b5 52. Kh5 bxc4 53. bxc4 Rb7 54. Nf8+ Kh8 55. Ng6+ Kh7 56. Nxe5 dxe5
57. f6 Rb2 58. Rg7+ Kh8 59. Kg6 Rxa2 60. Rh7+ 1-0

[Event "11th WUCC Men"]
[Site "Zuerich SUI"]
[Date "2010.09.11"]
[Round "9"]
[White "Jurcik,Mari"]
[Black "Poobalasingam,P"]
[Result "1-0"]
[WhiteElo "2466"]
[BlackElo "2330"]
[EventDate "2010.09.05"]

1. Nf3 Nf6 2. c4 g6 3. Nc3 d5 4. Qa4+ c6 5. cxd5 Nxd5 6. Nxd5 Qxd5 7. e4
Qd6 8. d4 Bg7 9. Be3 Nd7 10. Rd1 O-O 11. Be2 Nb6 12. Qa5 f5 13. e5 Qd8 14.
O-O h6 15. Ne1 Be6 16. Nd3 Nd5 17. Qa4 Qb6 18. Nc5 Bc8 19. Bc4 Kh7 20. Bxd5
cxd5 21. Nd7 Bxd7 22. Qxd7 f4 23. Bc1 e6 24. Rd3 Rad8 25. Qe7 Rde8 26. Qh4
Rf5 27. Rfd1 Rc8 28. h3 Rc2 29. Qe7 Qc6 30. Bd2 f3 31. g4 Rxd2 32. R3xd2
Rf8 33. Qd6 Qe8 34. Rc2 h5 35. Rdc1 Qf7 36. Rc7 Qg8 37. g5 Rf5 38. Qe7 Kh8
39. Rxb7 Bf8 40. Qd8 Rf7 41. Rxf7 1-0

[Event "11th WUCC Men"]
[Site "Zuerich SUI"]
[Date "2010.09.11"]
[Round "9"]
[White "Mohajerin Esfahani,Peyman"]
[Black "Burg,T"]
[Result "0-1"]
[WhiteElo "2366"]
[BlackElo "2455"]
[EventDate "2010.09.05"]

1. e4 c5 2. Nf3 d6 3. c3 Nf6 4. Bd3 Bg4 5. h3 Bxf3 6. Qxf3 Nc6 7. O-O g6 8.
Rd1 Bg7 9. Bb5 Qb6 10. Bf1 O-O 11. Na3 Nd7 12. Nc4 Qc7 13. Ne3 a6 14. a3 b5
15. Qg3 Qb7 16. h4 Na5 17. d3 Nb3 18. Rb1 Nf6 19. Ng4 Nxg4 20. Qxg4 b4 21.
Bg5 e6 22. d4 a5 23. dxc5 Nxc5 24. cxb4 axb4 25. axb4 Nxe4 26. b5 d5 27.
Bd3 Nc5 28. Bf1 Ne4 29. Bd3 Nc5 30. Bf1 Ra4 31. Qf3 Ne4 32. Be3 Rc8 33. h5
Nd6 34. b3 Rb4 35. Bd2 Rd4 36. Be3 Rxd1 37. Qxd1 Nxb5 38. Bxb5 Qxb5 39. h6
Bf6 40. Qf3 Bh8 41. Qg4 d4 42. Bf4 f5 43. Qg5 Kf7 44. Ra1 Qd7 45. Qg3 Bf6
46. Be5 d3 47. Qe3 d2 48. Rd1 Rc1 0-1

[Event "11th WUCC Men"]
[Site "Zuerich SUI"]
[Date "2010.09.11"]
[Round "9"]
[White "Munkhgal,G"]
[Black "Markos,J"]
[Result "1/2-1/2"]
[WhiteElo "2288"]
[BlackElo "2566"]
[EventDate "2010.09.05"]

1. d4 Nf6 2. c4 e6 3. Nf3 b6 4. g3 Ba6 5. Qc2 c5 6. d5 exd5 7. cxd5 d6 8.
Bg2 g6 9. O-O Bg7 10. Nc3 O-O 11. Re1 Nbd7 12. a4 Ng4 13. Nb5 Nde5 14. h3
Nxf3+ 15. exf3 Nf6 16. f4 Ne8 17. Bd2 Bb7 18. Bc3 a6 19. Na3 Nc7 20. Nc4 b5
21. Ne3 f5 22. axb5 axb5 23. Rxa8 Bxa8 24. Bxg7 Kxg7 25. Qc3+ Qf6 26. Qa5
Rf7 27. Qb6 Qxb2 28. Qxd6 c4 29. Qe5+ Qxe5 30. fxe5 Rd7 31. d6 Bxg2 32.
Kxg2 Ne6 33. Rb1 Nd4 34. Nd5 Rb7 35. Rd1 Ne6 36. Nb4 Kf7 37. d7 Nd8 38. Rd6
c3 39. e6+ Ke7 40. Rc6 Rxd7 41. exd7 Nxc6 42. Nxc6+ Kxd7 43. Nd4 b4 44. Kf3
Kd6 45. Ke3 Kd5 46. Kd3 Kc5 47. f3 Kd5 48. Nb3 g5 49. Nd4 g4 50. hxg4 fxg4
51. fxg4 Ke5 52. Nb3 Kd5 53. Nc1 Ke5 54. Ne2 Kd5 55. Ng1 Kc5 56. Nf3 Kb5
57. Nd4+ Kc5 58. Ne6+ Kb5 59. g5 Ka4 60. Nd4 Ka3 61. Kc2 Ka2 62. Nb3 Ka3
63. Nc5 Ka2 64. Ne4 b3+ 65. Kxc3 b2 66. Kd2 Kb3 67. Ke3 Kc2 68. Nd2 Kc3 69.
Nb1+ Kc2 70. Nd2 Kc3 71. g4 Kc2 72. Nc4 b1=N 73. Nb6 Nc3 74. Nd7 Nd5+ 75.
Ke4 Ne7 76. Nf6 Kd2 77. Nxh7 Ke2 78. Nf8 Kf2 79. Kf4 Nd5+ 80. Ke5 Ne3 81.
Kf4 Nd5+ 82. Ke4 Ne7 83. Nd7 Kg3 84. Ne5 Kh4 85. Kf4 Nd5+ 86. Kf5 Nc7 87.
g6 Ne8 88. g5 Ng7+ 89. Kf6 Nh5+ 90. Kf7 Kxg5 91. Nf3+ Kh6 92. Nd4 Ng7 93.
Nf3 Nh5 94. Ne5 Kg5 95. Nd7 Kf5 96. Nf8 Kg5 97. Nh7+ Kf5 98. Nf8 Kg5 99.
Ne6+ Kh6 100. Nf4 Ng7 101. Kf6 Ne8+ 102. Ke7 Ng7 103. Kf7 Nf5 104. Kf6 Ng7
105. Ke7 Nh5 106. Kf7 Ng7 107. Nd5 Nf5 108. Nf4 1/2-1/2

[Event "11th WUCC Men"]
[Site "Zuerich SUI"]
[Date "2010.09.11"]
[Round "9"]
[White "Mekhitarian,K"]
[Black "Roganovic,Milo"]
[Result "1-0"]
[WhiteElo "2550"]
[BlackElo "2497"]
[EventDate "2010.09.05"]

1. Nf3 Nf6 2. c4 e6 3. g3 d5 4. d4 Be7 5. Bg2 O-O 6. O-O dxc4 7. Qc2 a6 8.
a4 Bd7 9. Rd1 Bc6 10. Nc3 Nd5 11. e4 Nxc3 12. bxc3 b5 13. Ne5 Bb7 14. Rb1
Qc8 15. axb5 axb5 16. Rxb5 Nc6 17. Qb1 Nxe5 18. Rxb7 Nd3 19. e5 Rb8 20. Qb5
Nxc1 21. Rxc1 c5 22. Rxb8 Qxb8 23. Qxb8 Rxb8 24. d5 g5 25. dxe6 fxe6 26.
Bf1 Bf8 27. Bxc4 Re8 28. Kg2 Bg7 29. f4 gxf4 30. gxf4 Bh6 31. Kf3 Kf8 32.
Rb1 Re7 33. Rb8+ Kg7 34. f5 1-0

[Event "11th WUCC Men"]
[Site "Zuerich SUI"]
[Date "2010.09.11"]
[Round "9"]
[White "Pitra,Andika"]
[Black "Erdene,G"]
[Result "1-0"]
[WhiteElo "2283"]
[BlackElo "2323"]
[EventDate "2010.09.05"]

1. e4 c6 2. c4 d5 3. cxd5 cxd5 4. exd5 Nf6 5. Nc3 Nxd5 6. Nf3 Nc6 7. Bb5
Nxc3 8. bxc3 Bd7 9. O-O e6 10. d4 Be7 11. Re1 a6 12. Bd3 Rc8 13. Qe2 b5 14.
a4 bxa4 15. Bxa6 Ra8 16. d5 exd5 17. Bb5 Kf8 18. Bxc6 Bxc6 19. Nd4 Bd7 20.
Qe5 h5 21. Qxd5 Bf6 22. Rb1 Bxd4 23. cxd4 Be6 24. Qe5 Bb3 25. Bb2 Qd5 26.
Qf4 Rh6 27. Re5 Qd6 28. d5 Kg8 29. Rbe1 Rf8 30. Qc1 Qd7 31. Rg5 f6 32. Rg3
h4 33. Rd3 h3 34. Rg3 Rh5 35. d6 hxg2 36. Re7 Qf5 37. Rexg7+ Kh8 38. R7g6
Rh7 39. Rxf6 1-0

[Event "11th WUCC Men"]
[Site "Zuerich SUI"]
[Date "2010.09.11"]
[Round "9"]
[White "Hindermann,F"]
[Black "Darini,P"]
[Result "1-0"]
[WhiteElo "2303"]
[BlackElo "2430"]
[EventDate "2010.09.05"]

1. e4 c5 2. c3 d5 3. exd5 Qxd5 4. d4 Nf6 5. Nf3 Bg4 6. Nbd2 Nc6 7. Bc4 Bxf3
8. Qb3 Na5 9. Qb5+ Qd7 10. Nxf3 Nxc4 11. Qxc4 cxd4 12. Nxd4 Rc8 13. Qe2 g6
14. O-O Bg7 15. Nb5 a6 16. Nd4 O-O 17. Bg5 Rc5 18. Bh4 Rd5 19. Rfe1 Re8 20.
Qf3 g5 21. Bg3 e5 22. Nb3 Qa4 23. h3 h5 24. Red1 e4 25. Qe2 h4 26. Bc7
Rxd1+ 27. Qxd1 e3 28. fxe3 Qe4 29. Qd4 Nd5 30. Qxe4 Rxe4 31. Bd8 Bh6 32.
Nd4 g4 33. Nf5 Bxe3+ 34. Nxe3 Rxe3 35. Rd1 g3 36. Bxh4 Nb6 37. Kf1 Nc4 38.
b3 Na3 39. Bf6 Re6 40. Bh4 Re3 41. Rc1 Nb5 42. Bf6 Re6 43. Bd4 Re4 44. Bg1
f5 45. a4 Nc7 46. Re1 Rf4+ 47. Ke2 Nd5 48. Kd2 Kf7 49. Bc5 Nf6 50. Re7+ Kg6
51. Bd4 Ne4+ 52. Ke2 b5 53. Rg7+ Kh6 54. Ra7 Kh5 55. Rxa6 bxa4 56. bxa4 Ng5
57. Ra8 Re4+ 58. Kd3 Re1 59. a5 Ne6 60. a6 Nf4+ 61. Kc4 Nxg2 62. a7 Ra1 63.
Rh8+ Kg5 64. a8=Q 1-0

[Event "11th WUCC Men"]
[Site "Zuerich SUI"]
[Date "2010.09.11"]
[Round "9"]
[White "Panjwani,R"]
[Black "Otte,Mari"]
[Result "1-0"]
[WhiteElo "2429"]
[BlackElo "2264"]
[EventDate "2010.09.05"]

1. d4 c5 2. d5 d6 3. c4 e5 4. Nc3 Be7 5. g3 Bg5 6. e3 h5 7. h4 Be7 8. Qc2
Na6 9. a3 Nc7 10. b4 b6 11. Bh3 Nf6 12. f3 Nd7 13. Rb1 g6 14. e4 g5 15.
hxg5 Bxg5 16. f4 Bf6 17. Nf3 h4 18. Bxd7+ Bxd7 19. f5 hxg3 20. Rxh8+ Bxh8
21. Qg2 Qe7 22. Qxg3 O-O-O 23. Bg5 Bf6 24. bxc5 Bxg5 25. Qxg5 f6 26. Qd2
dxc5 27. d6 Qh7 28. dxc7 Rg8 29. Qh2 Qxh2 30. Nxh2 Rg2 31. Nf1 Rc2 32. Rb3
Bc6 33. Ne3 Rh2 34. Ned5 1-0

[Event "11th WUCC Men"]
[Site "Zuerich SUI"]
[Date "2010.09.11"]
[Round "9"]
[White "Akkozov,B"]
[Black "Carron,J"]
[Result "0-1"]
[WhiteElo "2283"]
[BlackElo "2394"]
[EventDate "2010.09.05"]

1. d4 Nf6 2. Nf3 e6 3. c4 b6 4. a3 Ba6 5. Qc2 Bb7 6. Nc3 c5 7. e4 cxd4 8.
Nxd4 Bc5 9. Nb3 Nc6 10. Be2 O-O 11. Bf4 Nd4 12. Nxd4 Bxd4 13. f3 Nh5 14.
Bd6 Qg5 15. g3 Qh6 16. Nb5 Be3 17. Rf1 Rfc8 18. Qd3 a6 19. Nc3 Bc1 20. Rb1
Be3 21. b4 e5 22. Bxe5 Re8 23. f4 d6 24. Qxe3 dxe5 25. Qf3 Nf6 26. f5 b5
27. Rf2 bxc4 28. Bxc4 Rac8 29. Bd5 Bxd5 30. Nxd5 Rc1+ 31. Rxc1 Qxc1+ 32.
Qd1 Qxa3 33. Rf3 Qa2 34. Nxf6+ gxf6 35. Rf2 Qc4 36. Qg4+ Kf8 37. Rd2 Qxb4
38. Ke2 a5 39. Rd5 Rc8 40. Kf3 Qb2 41. Qh4 Ke7 42. Kg4 h5+ 43. Qxh5 Qe2+
44. Kh4 Qxh2+ 0-1

[Event "11th WUCC Men"]
[Site "Zuerich SUI"]
[Date "2010.09.11"]
[Round "9"]
[White "Hoffmann,Pau"]
[Black "Botvinnik,M ISR"]
[Result "1/2-1/2"]
[WhiteElo "2372"]
[BlackElo "2337"]
[EventDate "2010.09.05"]

1. e4 c5 2. Nf3 Nc6 3. d4 cxd4 4. Nxd4 e6 5. Nc3 Qc7 6. Be3 a6 7. Be2 Nf6
8. a3 Be7 9. f4 d6 10. g4 Nd7 11. g5 b5 12. f5 Nde5 13. O-O g6 14. Qd2 Nxd4
15. Bxd4 Bb7 16. fxe6 fxe6 17. Qe3 O-O-O 18. Qh3 Bxg5 19. Bg4 Kb8 20. Bxe6
Rhf8 21. Qg3 Qe7 22. Bxe5 dxe5 23. Qxe5+ Ka8 24. Nd5 Qc5+ 25. Kh1 Rxf1+ 26.
Rxf1 Qxc2 27. Qxg5 Qxe4+ 28. Kg1 Rxd5 29. Bxd5 Qd4+ 30. Rf2 Qd1+ 31. Rf1
Qd4+ 32. Rf2 Qd1+ 1/2-1/2

[Event "11th WUCC Men"]
[Site "Zuerich SUI"]
[Date "2010.09.11"]
[Round "9"]
[White "Viela,A"]
[Black "Kuipers,S"]
[Result "1/2-1/2"]
[WhiteElo "2224"]
[BlackElo "2370"]
[EventDate "2010.09.05"]

1. d4 d5 2. c4 c6 3. cxd5 cxd5 4. Nc3 Nf6 5. Nf3 Nc6 6. e3 g6 7. Be2 Bg7 8.
O-O O-O 9. Bd2 a6 10. Na4 Ne4 11. Rc1 Qd6 12. Ne1 e5 13. dxe5 Nxe5 14. Nc3
Be6 15. Nf3 Rad8 16. Nd4 Nc5 17. Qc2 Rc8 18. b4 Ncd7 19. Qb3 Nc6 20. Nxe6
fxe6 21. Na4 Kh8 22. Bc3 e5 23. Rcd1 d4 24. exd4 exd4 25. Bg4 Rcd8 26. Bxd7
Rxd7 27. Nc5 Re7 28. Ba1 Rf5 29. Nd3 Rh5 30. g3 Qd7 31. f4 Re3 32. Qc2 Qe6
33. Ne5 Qd5 34. Qg2 Qxg2+ 35. Kxg2 Bxe5 36. fxe5 Re2+ 37. Rf2 Rxh2+ 38.
Kxh2 Rxf2+ 39. Kh3 Rf8 40. e6 Rd8 41. Bxd4+ Nxd4 42. e7 Re8 43. Rxd4 Rxe7
44. Rd6 Kg8 45. a4 Kf8 46. b5 a5 47. b6 Ke8 48. Rd5 Re6 49. Rxa5 Rxb6 50.
Ra8+ Kd7 51. a5 Ra6 52. Rh8 h5 53. Rg8 Rxa5 54. Rxg6 Rf5 55. g4 hxg4+ 56.
Kxg4 Rf8 57. Kg3 Kc7 58. Kg2 b5 59. Rh6 b4 60. Rh4 Rb8 61. Kf3 Kd6 62. Ke3
b3 63. Rh1 Kc5 64. Kd2 Kb4 65. Rc1 Ra8 66. Rb1 Ka3 1/2-1/2

[Event "11th WUCC Men"]
[Site "Zuerich SUI"]
[Date "2010.09.11"]
[Round "9"]
[White "Bueno,Alfe"]
[Black "Surya,W"]
[Result "1-0"]
[WhiteElo "2292"]
[BlackElo "2233"]
[EventDate "2010.09.05"]

1. e4 c5 2. Nc3 d6 3. f4 Nc6 4. Bb5 e6 5. Bxc6+ bxc6 6. Nf3 Ba6 7. d3 d5 8.
O-O c4 9. Ne5 cxd3 10. cxd3 Bc5+ 11. Kh1 Ne7 12. f5 Bd6 13. Bf4 Qc7 14. Qa4
Bc8 15. d4 O-O 16. Rac1 Rb8 17. f6 gxf6 18. Nd3 Bxf4 19. Rxf4 f5 20. exd5
cxd5 21. Nxd5 Qxc1+ 22. Nxc1 Nxd5 23. Rf2 Bb7 24. Qxa7 Kh8 25. Nd3 Ba8 26.
Nc5 Rb4 27. Rd2 Bc6 28. Qa6 Rb6 29. Qa7 Rb4 30. h3 f4 31. Kh2 Ne3 32. Rf2
Nd5 33. Nd3 Rb5 34. Nxf4 Nxf4 35. Rxf4 Rg8 36. d5 1-0

[Event "11th WUCC Men"]
[Site "Zuerich SUI"]
[Date "2010.09.11"]
[Round "9"]
[White "Costa,JoaoG"]
[Black "Kalugampitiya,R"]
[Result "0-1"]
[WhiteElo "2186"]
[BlackElo "2095"]
[EventDate "2010.09.05"]

1. e4 e5 2. Nf3 Nc6 3. Bb5 a6 4. Ba4 Nf6 5. d3 b5 6. Bb3 Be7 7. O-O O-O 8.
Re1 Bb7 9. c3 d6 10. Bg5 Na5 11. Bc2 c5 12. Nbd2 Re8 13. Nf1 h6 14. Bh4 Bf8
15. Ne3 g6 16. h3 Bg7 17. Qd2 g5 18. Bg3 d5 19. Bxe5 dxe4 20. Bxf6 Qxf6 21.
dxe4 Bxe4 22. Ng4 Qf5 23. Rxe4 Rxe4 24. Nfe5 Re8 25. Qd5 R4xe5 26. Nxe5
Qxe5 27. Qd7 Nc4 28. b3 Nb6 29. Qc6 Nd5 0-1

[Event "11th WUCC Men"]
[Site "Zuerich SUI"]
[Date "2010.09.11"]
[Round "9"]
[White "Soozankar,Amohammad"]
[Black "Nadj Hedjesi,B"]
[Result "0-1"]
[WhiteElo "2299"]
[BlackElo "2407"]
[EventDate "2010.09.05"]

1. Nf3 Nf6 2. d4 d5 3. Nc3 c5 4. dxc5 Nc6 5. a3 d4 6. Na4 Qa5+ 7. c3 dxc3
8. b4 Qc7 9. Nxc3 Bf5 10. Nb5 Qb8 11. Nbd4 Bd7 12. Bb2 g6 13. e3 Bg7 14.
Bc4 O-O 15. O-O b6 16. Nxc6 Bxc6 17. Ne5 Be8 18. Bd4 bxc5 19. bxc5 Qc7 20.
Qc2 Bc6 21. Rfd1 e6 22. f3 Bd5 23. Be2 Rfd8 24. Nd3 Bc6 25. Nb4 Be8 26. Qb2
Rxd4 27. exd4 a5 28. Nd3 Nd5 29. Ne5 Rb8 30. Qd2 Ba4 31. Rdc1 Bxe5 32. dxe5
Qxe5 33. Rab1 Rxb1 34. Rxb1 Nc3 35. Re1 Qxc5+ 36. Kh1 Nd5 37. Rc1 Qxa3 38.
Rc8+ Kg7 39. Qd4+ Nf6 40. g4 Qb4 41. Qxb4 axb4 42. Rb8 Nd5 43. Bc4 Bd1 44.
Bxd5 exd5 45. Rb5 Bxf3+ 46. Kg1 g5 47. Kf2 Be4 48. Ke3 Kg6 49. Kd4 f6 50.
Ke3 h5 51. h3 Bg2 52. gxh5+ Kxh5 53. Rxd5 f5 54. Kf2 Be4 55. Rb5 Kh4 0-1

[Event "11th WUCC Men"]
[Site "Zuerich SUI"]
[Date "2010.09.11"]
[Round "9"]
[White "Kukov,V"]
[Black "Koggala,W"]
[Result "1-0"]
[WhiteElo "2395"]
[BlackElo "2026"]
[EventDate "2010.09.05"]

1. d4 Nf6 2. Nf3 c5 3. c3 d5 4. Bf4 Qb6 5. Qb3 c4 6. Qxb6 axb6 7. Nbd2 Bf5
8. a3 h6 9. h3 Nc6 10. g4 Bh7 11. Bg2 b5 12. Rc1 e6 13. Ne5 Nxe5 14. Bxe5
Nd7 15. Bc7 Rc8 16. Bg3 Nb6 17. e4 Na4 18. Rb1 Kd7 19. O-O Ra8 20. Rfc1 Be7
21. Re1 f6 22. Re3 Ra5 23. f4 Bd6 24. f5 Bxg3 25. Rxg3 Kd6 26. Kf2 Re8 27.
h4 exf5 28. gxf5 Re7 29. Bf3 Ra8 30. Rgg1 dxe4 31. Nxe4+ Kd7 32. b3 Bxf5
33. bxa4 Bxe4 34. Bxe4 Rxe4 35. Rxg7+ Ke6 36. d5+ Kd6 37. Rxb7 Rxh4 38.
R1xb5 Rxa4 39. R7b6+ Ke7 40. Rc6 Ra7 41. Re6+ Kf7 42. Rbb6 Rf4+ 43. Ke3 Rf1
44. Kd4 Rf4+ 45. Re4 Rxe4+ 46. Kxe4 Rxa3 47. Kd4 Ra4 48. Rb7+ Kg6 49. d6 h5
50. d7 Ra8 51. Kxc4 Rd8 52. Kd5 Kf7 53. Kd6 h4 54. Rb4 Ra8 55. Rxh4 Ra6+
56. Kc7 Ra7+ 57. Kb8 1-0

[Event "11th WUCC Men"]
[Site "Zuerich SUI"]
[Date "2010.09.11"]
[Round "9"]
[White "Ma Yu"]
[Black "Kumar,Ve"]
[Result "1-0"]
[WhiteElo "2332"]
[BlackElo "1983"]
[EventDate "2010.09.05"]

1. d4 Nf6 2. Bg5 Nc6 3. d5 Ne5 4. Qd4 d6 5. f4 c5 6. Qa4+ Bd7 7. Qb3 Ng6 8.
Nd2 Nh5 9. Qf3 h6 10. Qxh5 hxg5 11. Qxg5 Qb6 12. O-O-O e5 13. dxe6 Bxe6 14.
f5 Be7 15. Qe3 Bxf5 16. Nc4 Qa6 17. Nxd6+ Kf8 18. Nxf5 Qxa2 19. Qa3 Bg5+
20. e3 Qe6 21. Qxc5+ Ne7 22. Qd6 1-0

[Event "11th WUCC Men"]
[Site "Zuerich SUI"]
[Date "2010.09.11"]
[Round "9"]
[White "Meier,P SEY"]
[Black "Fernando,SK Akila"]
[Result "0-1"]
[WhiteElo "2047"]
[BlackElo "2053"]
[EventDate "2010.09.05"]

1. d4 Nf6 2. c4 e6 3. g3 d5 4. Bg2 c6 5. Nf3 Ne4 6. O-O Bd6 7. Nbd2 f5 8.
Qc2 Nd7 9. Rb1 O-O 10. b4 b5 11. c5 Bc7 12. a4 Rb8 13. a5 a6 14. Bb2 Qf6
15. Ne1 Qh6 16. Ndf3 Ndf6 17. Nd3 f4 18. Nde5 fxg3 19. hxg3 Bb7 20. Qc1 Qh5
21. Qe3 Rbe8 22. Nh2 Re7 23. Rbd1 g5 24. Qf3 Qe8 25. g4 h5 26. Qh3 hxg4 27.
Qe3 Qh5 28. Rfe1 Rh7 29. Nf1 g3 30. Nxg3 Qh2+ 31. Kf1 Bxe5 32. Nxe4 Nxe4
33. Bxe4 dxe4 0-1